| 000 | 00920nam a2200289Ia 4500 | ||
|---|---|---|---|
| 001 | Z_2099 | ||
| 003 | CHAP | ||
| 008 | 220113s1995 xx 000 0 und d | ||
| 010 | _a165172 | ||
| 040 | _cCHAP | ||
| 090 | _aTesis R 1066 | ||
| 100 |
_aRamírez Alcocer, Virginia del Carmen _993856 |
||
| 245 |
_aManual de prácticas de fisiología de la reproducción animal / _cpor Virginia del Carmen Ramírez Alcocer y Marco Antonio Rendón Terán |
||
| 260 |
_aChapingo, Méx. : _bEl autor, _c1995 |
||
| 300 | _a153 h. | ||
| 502 | _aTesis (Ing. Agr. Esp. en Zootecnia) -- UACH. Departamento de Zootecnia | ||
| 650 |
_aFisiología animal _941131 |
||
| 650 |
_aGanadería _xManuales de laboratorio _944822 |
||
| 650 |
_aReproducción animal _996028 |
||
| 700 |
_aRendón Terán, Marco Antonio _995942 |
||
| 901 | _aTESIS R 1066 | ||
| 902 | _aM | ||
| 910 | _a1995 | ||
| 942 | _c2 | ||
| 942 | _c2 | ||
| 999 |
_c165172 _d165172 |
||